|
|
|
|
| LEADER |
00962nab#a2200313#ar4500 |
| 001 |
000042913 |
| 003 |
SVKKK |
| 005 |
20030703110138.0 |
| 008 |
030703c1998 e sloo |
| FMT |
|
|
|
| 038 |
|
|
|a SVKKK
|
| 040 |
|
|
|a SVKKK
|b slo
|e AACR2
|
| 041 |
0 |
|
|a slo
|
| 080 |
|
|
|a 684.
|2 1981
|
| 100 |
1 |
|
|a Jurkovičová, Klaudia
|4 aut
|
| 245 |
1 |
0 |
|a Šesťdesiat ľudí sa zo dňa na deň ocitlo na ulici :
|b Členovia predstavenstva a.s. Nábytkáreň Kráľovský Chlmec, boriacej sa s ekonomickými problémami, figurujú ako členovia..
|c Jurkovičová Klaudia,
|
| 260 |
|
|
|c 1998
|
| 650 |
0 |
4 |
|a Nábytkáreň, Kráľovský Chlmec
|
| 650 |
0 |
4 |
|a dôvody
|z Kraľovský Chlmec
|z Trebišov (okres)
|
| 650 |
0 |
4 |
|a prepúšťanie
|
| 650 |
0 |
4 |
|a reportáže
|
| 650 |
0 |
4 |
|a zamestnanci
|
| 773 |
0 |
|
|t Korzár
|g Roč. 1, č. 20(1998), dát. 0305, s. 4
|
| 957 |
|
|
|a Trebišov (okres)
|
| 974 |
|
|
|a Cr
|
| 992 |
|
|
|a RBX
|
| BAS |
|
|
|
| 852 |
|
|
|a SVKKK
|b BIB
|
| 998 |
|
|
|a REG
|